000
00284nam a2200121Ia 4500
008
190216s9999||||xx |||||||||||||| ||und||
100
_a
Jeevanandam
245
0
_a
Practice And Law Of Banking
260
_b
Premier Pub House
_c
1978
300
_a
334p
650
_a
Economics
942
_c
BK
999
_c
9504
_d
9504